[Event "Lahore FIDE op 4th"]
[Site "Lahore"]
[Date "2016.11.13"]
[Round "5"]
[White "Syed Ahmad, Ali"]
[Black "Wasim, Akram"]
[Result "0-1"]
[WhiteElo "2203"]
[BlackElo "2135"]
[PlyCount "87"]
[EventDate "2016.11.11"]
[EventType "swiss"]
[EventRounds "5"]
[EventCountry "PAK"]
[SourceTitle "EXT 2018"]
[Source "ChessBase"]
[SourceDate "2017.10.13"]
[SourceVersion "1"]
[SourceVersionDate "2017.10.13"]
[SourceQuality "1"]

1. d4 Nf6 2. Nf3 g6 3. e3 Bg7 4. Bd3 0-0 5. 0-0 d6 6. b3 c5 7. Bb2 cxd4 8. exd4 Nc6 9. a3 Nh5 10. Re1 Bg4 11. c3 e5 12. dxe5 Nxe5 13. Be4 Nf4 14. Bc1 Bxf3 15. Bxf3 Nfd3 16. Rf1 Nxc1 17. Qxc1 Nxf3+ 18. gxf3 Qh4 19. f4 Bh6 20. f3 Bxf4 21. Qc2 Rfe8 22. Ra2 Re5 23. Kh1 Rh5 24. Qf2 Qh3 25. Qg2 Qe6 26. Re2 Qxb3 27. Qg4 Qc4 28. Rfe1 f5 29. Qg1 Qd3 30. Qf1 Rf8 31. Kg1 Qb5 32. Nd2 Qc5+ 33. Kh1 Qxc3 34. Nb1 Qa5 35. Rd1 Rh4 36. Nd2 Be5 37. Rf2 Rd4 38. Nb3 Rxd1 39. Qxd1 Qb5 40. h4 Qc4 41. Kg2 Qxh4 42. Qd5+ Rf7 43. Rc2 Kg7 44. Nd2 0-1

[Event "Olympiad-39"]
[Site "Khanty-Mansiysk"]
[Date "2010.09.27"]
[Round "6.3"]
[White "Mehdi, Hasan Parag"]
[Black "Wasim, Akram"]
[Result "0-1"]
[WhiteElo "2322"]
[BlackElo "2054"]
[PlyCount "74"]
[EventDate "2010.09.21"]
[EventType "team-swiss"]
[EventRounds "11"]
[EventCountry "RUS"]
[SourceTitle "CBM 139"]
[Source "ChessBase"]
[SourceDate "2010.11.18"]
[SourceVersion "1"]
[SourceVersionDate "2010.11.18"]
[SourceQuality "1"]
[WhiteTeam "Bangladesh"]
[BlackTeam "Pakistan"]
[WhiteTeamCountry "BAN"]
[BlackTeamCountry "PAK"]

1. e4 c5 2. Nf3 d6 3. d4 cxd4 4. Nxd4 Nf6 5. Nc3 a6 6. h3 b5 7. g4 Bb7 8. Bg2 e6 9. g5 b4 10. gxf6 bxc3 11. bxc3 gxf6 12. Qh5 Qc8 13. Bd2 Nc6 14. Rb1 Rg8 15. 0-0 Nxd4 16. cxd4 Bxe4 17. f3 Bf5 18. Rb2 Qc4 19. c3 Rg6 20. Re1 Be7 21. Kh1 h6 22. Bf1 Qa4 23. c4 Qa3 24. Bc1 Qc3 25. Rd1 Bg4 26. fxg4 Qf3+ 27. Kg1 Qxd1 28. Be3 f5 29. Rg2 Rb8 30. Rd2 Qf3 31. Bxh6 Rb1 32. Rf2 Qg3+ 33. Rg2 Qd3 34. Rf2 Rxf1+ 35. Rxf1 Qxd4+ 36. Kh1 Qxc4 37. g5 Qxf1+ 0-1

[Event "Olympiad-39"]
[Site "Khanty-Mansiysk"]
[Date "2010.09.21"]
[Round "1.3"]
[White "Campos Moreno, Javier B"]
[Black "Wasim, Akram"]
[Result "1/2-1/2"]
[WhiteElo "2484"]
[BlackElo "2054"]
[PlyCount "160"]
[EventDate "2010.09.21"]
[EventType "team-swiss"]
[EventRounds "11"]
[EventCountry "RUS"]
[SourceTitle "CBM 139"]
[Source "ChessBase"]
[SourceDate "2010.11.18"]
[SourceVersion "1"]
[SourceVersionDate "2010.11.18"]
[SourceQuality "1"]
[WhiteTeam "Chile"]
[BlackTeam "Pakistan"]
[WhiteTeamCountry "CHI"]
[BlackTeamCountry "PAK"]

1. d4 Nf6 2. c4 c5 3. d5 e5 4. Nc3 d6 5. e4 g6 6. h3 Bg7 7. Bd3 0-0 8. g4 h6 9. Be3 Ne8 10. Qd2 Kh7 11. Nf3 a6 12. a4 Nd7 13. h4 Nc7 14. b3 Qf6 15. Rh3 Qe7 16. h5 g5 17. Nh2 Nf6 18. f3 a5 19. Qe2 Kg8 20. Nf1 Nh7 21. Ng3 b6 22. Bd2 Bd7 23. Nd1 Na6 24. Ne3 Rfc8 25. Rh2 Rab8 26. Bc3 Nb4 27. Kd2 Qd8 28. Rg2 Ra8 29. Rag1 Ra7 30. Kc1 f6 31. Kb2 Rb8 32. Ngf1 Qe8 33. Nd2 Rc8 34. Nb1 Na6 35. Na3 Nc7 36. Rc1 Qd8 37. Nb5 Nxb5 38. cxb5 Rb8 39. Qe1 Rab7 40. Nc4 Be8 41. Bxa5 bxa5 42. Nxa5 Ra7 43. Nc6 Bxc6 44. dxc6 Bf8 45. Bc4+ Kg7 46. Qd2 f5 47. Ra1 Nf6 48. gxf5 Nxh5 49. a5 Nf4 50. b6 Rxb6 51. axb6 Rxa1 52. Kxa1 Qxb6 53. Rh2 Qxc6 54. Qa5 Qb7 55. Qd8 Qe7 56. Qa8 d5 57. Bxd5 c4 58. Ra2 Qb4 59. Qb7+ Qxb7 60. Bxb7 cxb3 61. Ra8 Be7 62. Ba6 h5 63. Ra7 Kf6 64. Bc4 g4 65. fxg4 hxg4 66. Ra6+ Kg5 67. Ra8 Nh5 68. Rg8+ Kf4 69. Be2 Bg5 70. Kb2 Nf6 71. Rg7 g3 72. Bf1 Nxe4 73. Bg2 Bf6 74. Rg6 Kxf5 75. Bxe4+ Kxe4 76. Rxg3 Kf4 77. Rxb3 e4+ 78. Kc2 Bd4 79. Kd2 Bc5 80. Rb5 Bd4 1/2-1/2